[Event "Oberliga Nord W 2324"]
[Site "Germany"]
[Date "2024.02.04"]
[Round "5.1"]
[White "Hoffmann, Alexander"]
[Black "Warakomski, Tomasz"]
[Result "1/2-1/2"]
[WhiteElo "2407"]
[BlackElo "2549"]
[PlyCount "43"]
[EventDate "2023.10.22"]
[EventType "team-tourn"]
[EventRounds "9"]
[EventCountry "GER"]
[SourceTitle "EXT 2025"]
[Source "ChessBase"]
[SourceDate "2024.10.14"]
[SourceVersion "1"]
[SourceVersionDate "2024.10.14"]
[SourceQuality "1"]
[WhiteTeam "Hellern"]
[BlackTeam "Delmenhorst"]
[WhiteTeamCountry "GER"]
[BlackTeamCountry "GER"]

1. Nf3 d5 2. d4 Nf6 3. c4 e6 4. g3 Bb4+ 5. Bd2 Be7 6. Bg2 0-0 7. 0-0 c6 8. Qc2 Nbd7 9. Rd1 b6 10. Bf4 Bb7 11. Nc3 dxc4 12. Nd2 Nd5 13. Nxc4 Nxf4 14. gxf4 Qc7 15. e3 Rad8 16. Rac1 c5 17. d5 exd5 18. Nxd5 Bxd5 19. Rxd5 b5 20. Ne5 Nxe5 21. Rxe5 Bd6 22. Rd5 1/2-1/2

[Event "Oberliga Nord W 2223"]
[Site "Germany"]
[Date "2023.04.23"]
[Round "8.1"]
[White "Wittje, Berthold"]
[Black "Hoffmann, Alexander"]
[Result "0-1"]
[WhiteElo "2226"]
[BlackElo "2399"]
[PlyCount "56"]
[EventDate "2022.10.23"]
[EventType "team-tourn"]
[EventRounds "9"]
[EventCountry "GER"]
[SourceTitle "EXT 2025"]
[Source "ChessBase"]
[SourceDate "2024.10.14"]
[SourceVersion "1"]
[SourceVersionDate "2024.10.14"]
[SourceQuality "1"]
[WhiteTeam "Oldenburg Union"]
[BlackTeam "Hellern"]
[WhiteTeamCountry "GER"]
[BlackTeamCountry "GER"]

1. Nf3 c5 2. g3 Nc6 3. Bg2 g6 4. c4 Bg7 5. Nc3 e6 6. e3 Nge7 7. 0-0 0-0 8. d4 cxd4 9. exd4 d5 10. cxd5 exd5 11. Bg5 h6 12. Be3 Be6 13. Rc1 Nf5 14. Re1 Rc8 15. Qd2 Re8 16. Na4 b6 17. Bf1 Nxe3 18. Rxe3 Nxd4 19. Rxc8 Nxf3+ 20. Rxf3 Bxc8 21. Nc3 d4 22. Ne2 Bb7 23. Ra3 Qd5 24. f3 g5 25. Bg2 Qc5 26. b4 Rxe2 27. bxc5 Rxd2 28. Rxa7 d3 0-1

[Event "Oberliga Nord W 2223"]
[Site "Germany"]
[Date "2023.02.26"]
[Round "6.1"]
[White "Pahl, Erik"]
[Black "Hoffmann, Alexander"]
[Result "0-1"]
[WhiteElo "2145"]
[BlackElo "2399"]
[PlyCount "70"]
[EventDate "2022.10.23"]
[EventType "team-tourn"]
[EventRounds "9"]
[EventCountry "GER"]
[SourceTitle "EXT 2025"]
[Source "ChessBase"]
[SourceDate "2024.10.14"]
[SourceVersion "1"]
[SourceVersionDate "2024.10.14"]
[SourceQuality "1"]
[WhiteTeam "Delmenhorst"]
[BlackTeam "Hellern"]
[WhiteTeamCountry "GER"]
[BlackTeamCountry "GER"]

1. e4 e5 2. Nf3 Nc6 3. Bc4 Nf6 4. d3 Be7 5. 0-0 0-0 6. c3 d6 7. a4 Na5 8. Ba2 c5 9. b4 cxb4 10. cxb4 Nc6 11. b5 Nb4 12. Bc4 Bg4 13. h3 Bh5 14. Bb2 a5 15. Nbd2 Rc8 16. Rc1 Nd7 17. Re1 Nc5 18. g4 Bg6 19. Nf1 d5 20. Bxd5 Nxd5 21. Nxe5 Nb4 22. d4 Nd7 23. Nc4 Bg5 24. Rc3 Nf6 25. f3 Ne8 26. Nfe3 Nd6 27. Na3 Rxc3 28. Bxc3 Qc7 29. Bb2 Nxe4 30. fxe4 Bxe4 31. Nf1 Bd5 32. Nb1 Bf4 33. Nc3 Bh2+ 34. Nxh2 Qg3+ 35. Kf1 Qg2# 0-1

[Event "Oberliga Nord W 2122"]
[Site "Germany"]
[Date "2022.03.06"]
[Round "7.1"]
[White "Bode, Wilfried"]
[Black "Hoffmann, Alexander"]
[Result "1/2-1/2"]
[WhiteElo "2352"]
[BlackElo "2403"]
[PlyCount "43"]
[EventDate "2021.10.10"]
[EventType "team-tourn"]
[EventRounds "9"]
[EventCountry "GER"]
[SourceTitle "EXT 2023"]
[Source "ChessBase"]
[SourceDate "2022.10.05"]
[SourceVersion "1"]
[SourceVersionDate "2022.10.05"]
[SourceQuality "1"]
[WhiteTeam "Hameln"]
[BlackTeam "Hellern"]
[WhiteTeamCountry "GER"]
[BlackTeamCountry "GER"]

1. d4 Nf6 2. Nf3 g6 3. g3 Bg7 4. Bg2 0-0 5. 0-0 d5 6. c4 c6 7. cxd5 cxd5 8. Nc3 Ne4 9. Ne5 Nxc3 10. bxc3 Nd7 11. Nxd7 Qxd7 12. Qb3 Rd8 13. e4 dxe4 14. Bxe4 Qc7 15. Bf4 e5 16. dxe5 Bxe5 17. Bxe5 Qxe5 18. Rfe1 Qc5 19. Qb4 Qxb4 20. cxb4 Be6 21. a3 Rd7 22. Rad1 1/2-1/2

[Event "Oberliga Nord W 1516"]
[Site "Germany"]
[Date "2015.09.20"]
[Round "1.2"]
[White "Hoffmann, Alexander"]
[Black "Buchenau, Frank"]
[Result "1-0"]
[WhiteElo "2403"]
[BlackElo "2274"]
[PlyCount "119"]
[EventDate "2015.09.20"]
[EventType "team-tourn"]
[EventRounds "9"]
[EventCountry "GER"]
[SourceTitle "CBM 170 Extra"]
[Source "ChessBase"]
[SourceDate "2016.02.25"]
[SourceVersion "1"]
[SourceVersionDate "2016.02.25"]
[SourceQuality "1"]
[WhiteTeam "Hellern"]
[BlackTeam "Lister Turm"]
[WhiteTeamCountry "GER"]
[BlackTeamCountry "GER"]

1. d4 e6 2. c4 Nf6 3. Nf3 b6 4. Nc3 Bb4 5. Bg5 Bb7 6. Qc2 h6 7. Bh4 c5 8. a3 Ba5 9. dxc5 bxc5 10. e3 g5 11. Bg3 Ne4 12. Be5 0-0 13. 0-0-0 f5 14. Bd3 Bxc3 15. Bxc3 Nxc3 16. Qxc3 Qf6 17. Qxf6 Rxf6 18. Bc2 Kf8 19. Rd2 Ke7 20. Rhd1 Rf8 21. Ne5 Rd8 22. Rd6 Bxg2 23. f3 Kf6 24. f4 Bc6 25. b4 cxb4 26. axb4 a6 27. Bb3 Rc8 28. Kb2 Ra7 29. Ka3 Rb7 30. Ba4 Bxa4 31. Kxa4 Ke7 32. R1d2 Rcc7 33. h3 Kf6 34. Ka5 Ke7 35. Rb6 Rxb6 36. Kxb6 Rc8 37. Kb7 Rd8 38. b5 axb5 39. cxb5 Rg8 40. Kc7 g4 41. hxg4 d6 42. Rxd6 fxg4 43. Nxg4 Rxg4 44. Rd8 e5 45. Rxb8 exf4 46. exf4 Rxf4 47. Rb6 Rb4 48. Kc6 Rc4+ 49. Kd5 Rc1 50. Rc6 Rb1 51. Kc5 h5 52. Rh6 Rh1 53. Kc6 Rc1+ 54. Kb7 Rc5 55. b6 Kf7 56. Ka6 Kg7 57. Rd6 Rc1 58. b7 Ra1+ 59. Kb6 Rb1+ 60. Kc7 1-0

[Event "Ruhrgebiet Verbandsliga1 1213"]
[Site "Nordrheinwestfalen"]
[Date "2013.02.03"]
[Round "6.5"]
[White "Bryjak, Hans Guenther"]
[Black "Hoffmann, Alexander"]
[Result "0-1"]
[WhiteElo "1974"]
[BlackElo "2043"]
[PlyCount "100"]
[EventDate "2012.09.02"]
[EventType "team-tourn"]
[EventRounds "9"]
[EventCountry "GER"]
[SourceTitle "EXT 2020"]
[Source "ChessBase"]
[SourceDate "2019.10.17"]
[SourceVersion "1"]
[SourceVersionDate "2019.10.17"]
[SourceQuality "1"]
[WhiteTeam "Dortmund SV"]
[BlackTeam "Dortmund Hansa III"]
[WhiteTeamCountry "GER"]
[BlackTeamCountry "GER"]

1. d4 d5 2. Nf3 Nf6 3. g3 g6 4. Bg2 Bg7 5. 0-0 0-0 6. Nc3 Nbd7 7. Ne5 c6 8. Nd3 Re8 9. f4 Ne4 10. Nxe4 dxe4 11. Ne5 f6 12. Nc4 Nb6 13. Nxb6 Qxb6 14. e3 f5 15. Rf2 Rd8 16. Rd2 Be6 17. Bf1 c5 18. c3 Rac8 19. d5 Bf7 20. Bc4 Rd6 21. Kf2 a6 22. a4 Rcd8 23. Ke1 Bf6 24. h4 Kg7 25. Ra3 Qc7 26. a5 R8d7 27. Ra2 Qd8 28. Ra3 Bxd5 29. Bxd5 Rxd5 30. Rxd5 Rxd5 31. Qe2 Rd3 32. Bd2 h5 33. Rb3 Qd7 34. Rb6 e5 35. Rxf6 Kxf6 36. fxe5+ Kxe5 37. c4 Qa4 38. Bc3+ Ke6 39. Kf2 Qd1 40. Qxd1 Rxd1 41. Ke2 Rd3 42. Be1 Kd6 43. Bd2 Kc6 44. Be1 b5 45. axb6 Kxb6 46. Bd2 a5 47. Kd1 a4 48. Kc2 a3 49. bxa3 Rxa3 50. Kb2 Ra4 0-1

[Event "Ruhrgebiet Verbandsliga1 1112"]
[Site "Nordrheinwestfalen"]
[Date "2012.02.12"]
[Round "6.8"]
[White "Riesenbeck, Juergen"]
[Black "Hoffmann, Alexander"]
[Result "0-1"]
[WhiteElo "1930"]
[BlackElo "2052"]
[PlyCount "110"]
[EventDate "2012.09.18"]
[EventType "team-tourn"]
[EventRounds "9"]
[EventCountry "GER"]
[SourceTitle "EXT 2020"]
[Source "ChessBase"]
[SourceDate "2019.10.17"]
[SourceVersion "1"]
[SourceVersionDate "2019.10.17"]
[SourceQuality "1"]
[WhiteTeam "Katernberg SF III"]
[BlackTeam "Dortmund Hansa III"]
[WhiteTeamCountry "GER"]
[BlackTeamCountry "GER"]

1. e4 c6 2. d4 d5 3. e5 Bf5 4. Nf3 e6 5. Be2 h6 6. Be3 Qb6 7. Nc3 Qxb2 8. Qb1 Qxb1+ 9. Rxb1 b6 10. Kd2 Nd7 11. Nh4 Bh7 12. g4 Be7 13. Ng2 f6 14. f4 f5 15. g5 Bg6 16. h4 h5 17. Ba6 Rb8 18. a4 Kf8 19. Ne1 Be8 20. Nd3 Rd8 21. Nb4 Nb8 22. Bb7 Kf7 23. Nca2 c5 24. Nd3 c4 25. Ndb4 Bxa4 26. Nc3 Bxb4 27. Rxb4 Bc6 28. Bxc6 Nxc6 29. Ra4 Nge7 30. Nb5 Nc8 31. Rha1 Rd7 32. Kc1 g6 33. Bd2 Rh7 34. Bc3 Ke8 35. Kd2 Rhg7 36. Ke3 Rgf7 37. Ra6 Rg7 38. R1a4 Rh7 39. Bb2 Nb8 40. Ba3 Nxa6 41. Rxa6 Kd8 42. c3 Rb7 43. Bb4 Kd7 44. Kd2 Kc6 45. Nd6 Nxd6 46. exd6 Kb5 47. Ra1 a5 48. Ba3 Kc6 49. Kc2 Rh8 50. Re1 Kd7 51. Rh1 Rhb8 52. Ra1 Ra8 53. Kc1 Rbb8 54. Kc2 b5 55. Bc5 b4 0-1

[Event "Ruhrgebiet Verbandsliga1 1112"]
[Site "Nordrheinwestfalen"]
[Date "2012.01.08"]
[Round "5.7"]
[White "Klaus, Michael"]
[Black "Hoffmann, Alexander"]
[Result "0-1"]
[WhiteElo "1844"]
[BlackElo "2052"]
[PlyCount "90"]
[EventDate "2012.09.18"]
[EventType "team-tourn"]
[EventRounds "9"]
[EventCountry "GER"]
[SourceTitle "EXT 2020"]
[Source "ChessBase"]
[SourceDate "2019.10.17"]
[SourceVersion "1"]
[SourceVersionDate "2019.10.17"]
[SourceQuality "1"]
[WhiteTeam "Koenigsspringer Hamm"]
[BlackTeam "Dortmund Hansa III"]
[WhiteTeamCountry "GER"]
[BlackTeamCountry "GER"]

1. d4 d5 2. c4 c6 3. Nc3 Nf6 4. cxd5 cxd5 5. Nf3 Nc6 6. e3 Bf5 7. Bd3 Bxd3 8. Qxd3 a6 9. 0-0 e6 10. e4 Nb4 11. Qe2 dxe4 12. Nxe4 Be7 13. Bd2 Nbd5 14. Nc3 0-0 15. Bg5 Rc8 16. Rac1 Qa5 17. Nxd5 Qxd5 18. b3 h6 19. Be3 Ba3 20. Rc2 Qf5 21. Ne1 Ne4 22. Qd3 Nd6 23. Qd1 Rfd8 24. Nd3 Rxc2 25. Qxc2 Rc8 26. Qd1 Qb5 27. Ne5 Qa5 28. Qg4 Kh8 29. Qh5 Qc7 30. Qf3 Nf5 31. g4 Nxe3 32. Nxf7+ Kg8 33. fxe3 Rf8 34. Qe4 Rxf7 35. Qxe6 Qe7 36. Qc8+ Kh7 37. Qc2+ g6 38. Rxf7+ Qxf7 39. Qe2 Bd6 40. Kg2 Qd5+ 41. Kg1 Qe4 42. h3 Bg3 43. Qd2 Qf3 44. d5 Bd6 45. Qf2 Qd1+ 0-1

[Event "Werther Schloss op-A 17th"]
[Site "Werther"]
[Date "2011.04.17"]
[Round "6"]
[White "Hoffmann, Alexander"]
[Black "Zelbel, Patrick"]
[Result "1/2-1/2"]
[WhiteElo "2404"]
[BlackElo "2410"]
[PlyCount "40"]
[EventDate "2011.04.14"]
[EventType "swiss"]
[EventRounds "7"]
[EventCountry "GER"]
[SourceTitle "CBM 141 Extra"]
[Source "ChessBase"]
[SourceDate "2011.05.03"]
[SourceVersion "1"]
[SourceVersionDate "2011.05.03"]
[SourceQuality "1"]

1. d4 Nf6 2. Nf3 g6 3. c4 Bg7 4. g3 0-0 5. Bg2 d6 6. 0-0 Nc6 7. Nc3 a6 8. Qd3 Bd7 9. d5 Nb4 10. Qd1 a5 11. a3 Na6 12. Be3 Qc8 13. Rb1 Bf5 14. Rc1 Bh3 15. Bd4 Bxg2 16. Kxg2 e5 17. dxe6 fxe6 18. Ng5 b6 19. f3 h6 20. Nge4 Nxe4 1/2-1/2

[Event "Oberliga Nord W 1011"]
[Site "Germany"]
[Date "2011.01.16"]
[Round "5.2"]
[White "Schuette, Marc"]
[Black "Hoffmann, Alexander"]
[Result "1-0"]
[WhiteElo "2261"]
[BlackElo "2404"]
[PlyCount "55"]
[EventDate "2010.10.10"]
[EventType "team-tourn"]
[EventRounds "9"]
[EventCountry "GER"]
[SourceTitle "EXT 2012"]
[Source "ChessBase"]
[SourceDate "2011.11.24"]
[SourceVersion "1"]
[SourceVersionDate "2011.11.24"]
[SourceQuality "1"]
[WhiteTeam "Oldenburg Union"]
[BlackTeam "Melle III"]
[WhiteTeamCountry "GER"]
[BlackTeamCountry "GER"]

1. d4 Nf6 2. Nf3 g6 3. Nc3 Bg7 4. e4 d6 5. Bg5 h6 6. Be3 a6 7. h3 b5 8. e5 Nfd7 9. e6 fxe6 10. Nh4 Nf8 11. Qf3 d5 12. Bd3 Bb7 13. Nxg6 Nxg6 14. Bxg6+ Kd7 15. Qg4 Qg8 16. h4 Kc8 17. Qh5 Kd7 18. Bf7 Qf8 19. Rh3 Bf6 20. Rf3 Qg7 21. Rg3 Qf8 22. Rf3 Qg7 23. Ne2 Nc6 24. Rg3 Qf8 25. 0-0-0 Nd8 26. Bg6 c5 27. dxc5 e5 28. f4 1-0

[Event "Oberliga Nord W 0910"]
[Site "Germany"]
[Date "2010.02.28"]
[Round "7.2"]
[White "Guennigmann, Manuel"]
[Black "Hoffmann, Alexander"]
[Result "1/2-1/2"]
[WhiteElo "2165"]
[BlackElo "2409"]
[PlyCount "51"]
[EventDate "2009.10.18"]
[EventType "team-tourn"]
[EventRounds "9"]
[EventCountry "GER"]
[SourceTitle "EXT 2011"]
[Source "ChessBase"]
[SourceDate "2010.11.26"]
[SourceVersion "1"]
[SourceVersionDate "2010.11.26"]
[SourceQuality "1"]
[WhiteTeam "Uelzen Post"]
[BlackTeam "Melle III"]
[WhiteTeamCountry "GER"]
[BlackTeamCountry "GER"]

1. e4 c5 2. Nf3 e6 3. d4 cxd4 4. Nxd4 Qb6 5. Nb3 Qc7 6. Bd3 Nf6 7. Nc3 a6 8. 0-0 Be7 9. Qe2 d6 10. Bd2 Nbd7 11. f4 0-0 12. Rae1 e5 13. Nd5 Nxd5 14. exd5 Bf6 15. Qe4 g6 16. f5 Bg7 17. Bg5 Nf6 18. Qh4 Nxd5 19. f6 Bh8 20. Qh6 Qd8 21. c4 Nxf6 22. Qh4 Qb6+ 23. Be3 Qd8 24. Bg5 Qb6+ 25. Be3 Qd8 26. Bg5 1/2-1/2

[Event "Oberliga Nord W 0910"]
[Site "Germany"]
[Date "2009.11.29"]
[Round "3.2"]
[White "Izrailev, Alexander"]
[Black "Hoffmann, Alexander"]
[Result "1/2-1/2"]
[WhiteElo "2330"]
[BlackElo "2409"]
[PlyCount "38"]
[EventDate "2009.10.18"]
[EventType "team-tourn"]
[EventRounds "9"]
[EventCountry "GER"]
[SourceTitle "EXT 2011"]
[Source "ChessBase"]
[SourceDate "2010.11.26"]
[SourceVersion "1"]
[SourceVersionDate "2010.11.26"]
[SourceQuality "1"]
[WhiteTeam "Hannover PSC"]
[BlackTeam "Melle III"]
[WhiteTeamCountry "GER"]
[BlackTeamCountry "GER"]

1. e4 c5 2. Nf3 d6 3. d4 cxd4 4. Nxd4 Nf6 5. Nc3 Nc6 6. Bg5 e6 7. Qd2 Be7 8. 0-0-0 0-0 9. h4 Nxd4 10. Qxd4 Qa5 11. Kb1 Bd7 12. Qd2 Rfc8 13. Nd5 Qxd2 14. Nxe7+ Kf8 15. Rxd2 Kxe7 16. f3 h6 17. Be3 d5 18. e5 Ne8 19. h5 a6 1/2-1/2

[Event "Oberliga Nord W 0910"]
[Site "Germany"]
[Date "2009.11.15"]
[Round "2.2"]
[White "Hoffmann, Alexander"]
[Black "Viet, Arend"]
[Result "1-0"]
[WhiteElo "2409"]
[BlackElo "2221"]
[PlyCount "47"]
[EventDate "2009.10.18"]
[EventType "team-tourn"]
[EventRounds "9"]
[EventCountry "GER"]
[SourceTitle "EXT 2011"]
[Source "ChessBase"]
[SourceDate "2010.11.26"]
[SourceVersion "1"]
[SourceVersionDate "2010.11.26"]
[SourceQuality "1"]
[WhiteTeam "Melle III"]
[BlackTeam "Bremer SG"]
[WhiteTeamCountry "GER"]
[BlackTeamCountry "GER"]

1. Nf3 Nf6 2. c4 g6 3. g3 Bg7 4. Bg2 0-0 5. 0-0 d6 6. d4 c6 7. Nc3 a6 8. e4 b5 9. Qe2 b4 10. Na4 Qa5 11. b3 e5 12. dxe5 dxe5 13. Bd2 Bg4 14. Qe1 c5 15. Nxe5 Nbd7 16. Nxg4 Nxg4 17. Rd1 Qc7 18. Qe2 Nge5 19. Be3 Rfd8 20. Rd5 Nc6 21. Nxc5 a5 22. Nxd7 Rxd7 23. Rfd1 Re7 24. f4 1-0

[Event "Oberliga Nord W 0910"]
[Site "Germany"]
[Date "2009.10.18"]
[Round "1.2"]
[White "Hoffmann, Alexander"]
[Black "Wittje, Berthold"]
[Result "1/2-1/2"]
[WhiteElo "2409"]
[BlackElo "2266"]
[PlyCount "43"]
[EventDate "2009.10.18"]
[EventType "team-tourn"]
[EventRounds "9"]
[EventCountry "GER"]
[SourceTitle "EXT 2011"]
[Source "ChessBase"]
[SourceDate "2010.11.26"]
[SourceVersion "1"]
[SourceVersionDate "2010.11.26"]
[SourceQuality "1"]
[WhiteTeam "Melle III"]
[BlackTeam "Oldenburg Union"]
[WhiteTeamCountry "GER"]
[BlackTeamCountry "GER"]

1. c4 e6 2. Nf3 Nf6 3. g3 d5 4. Bg2 Be7 5. 0-0 0-0 6. d4 dxc4 7. Qc2 a6 8. Qxc4 b5 9. Qc2 Bb7 10. Bd2 Be4 11. Qc1 Qc8 12. Bg5 Nbd7 13. Nbd2 Bb7 14. Bxf6 Bxf6 15. Nb3 e5 16. Na5 Bd5 17. dxe5 Nxe5 18. Nxe5 Bxg2 19. Kxg2 Bxe5 20. Nc6 Qe6 21. Nxe5 Qxe5 22. Qc2 1/2-1/2

[Event "Oberliga Nord W 0809"]
[Site "Germany"]
[Date "2008.10.26"]
[Round "2.2"]
[White "David, Adrian"]
[Black "Hoffmann, Alexander"]
[Result "0-1"]
[WhiteElo "2321"]
[BlackElo "2408"]
[PlyCount "64"]
[EventDate "2008.10.05"]
[EventType "tourn"]
[EventRounds "9"]
[EventCountry "GER"]
[SourceTitle "EXT 2010"]
[Source "ChessBase"]
[SourceDate "2010.11.25"]
[SourceVersion "1"]
[SourceVersionDate "2010.11.25"]
[SourceQuality "1"]
[WhiteTeam "Hameln"]
[BlackTeam "Melle III"]
[WhiteTeamCountry "GER"]
[BlackTeamCountry "GER"]

1. Nf3 c5 2. c4 Nc6 3. d4 cxd4 4. Nxd4 Nf6 5. Nc3 e6 6. Ndb5 Bc5 7. Nd6+ Ke7 8. Nde4 Nxe4 9. Nxe4 Bb4+ 10. Nd2 d5 11. a3 Bc5 12. e3 a5 13. Qh5 f6 14. Be2 Qe8 15. Qh3 dxc4 16. Ne4 Bb6 17. Qg3 Qg6 18. Qxg6 hxg6 19. Bxc4 Bd7 20. f4 Rac8 21. Bd3 g5 22. fxg5 Ne5 23. gxf6+ gxf6 24. Be2 Bc6 25. Bf3 Nd3+ 26. Kd2 Bxe4 27. Bxe4 Nf2 28. Bxb7 Rcd8+ 29. Ke2 Nxh1 30. Bd2 Rxh2 31. Be1 Rg8 32. Kf3 Rhxg2 0-1

[Event "Werther Schloss op-A 14th"]
[Site "Werther"]
[Date "2008.03.14"]
[Round "3"]
[White "Hoffmann, Alexander"]
[Black "Poulsen, Iver"]
[Result "1-0"]
[WhiteElo "2407"]
[BlackElo "2157"]
[PlyCount "49"]
[EventDate "2008.03.13"]
[EventType "swiss"]
[EventRounds "7"]
[EventCountry "GER"]
[SourceTitle "EXT 2010"]
[Source "ChessBase"]
[SourceDate "2010.11.25"]
[SourceVersion "1"]
[SourceVersionDate "2010.11.25"]
[SourceQuality "1"]

1. e4 c5 2. Nf3 e6 3. c3 Nf6 4. e5 Nd5 5. Bc4 d6 6. 0-0 Nc6 7. d4 Nb6 8. Bb5 Bd7 9. dxc5 dxc5 10. Qe2 Qc7 11. Re1 h6 12. h4 g6 13. Bf4 f5 14. Na3 a6 15. Bd3 Nd5 16. Bd2 Be7 17. Nc4 b5 18. Nd6+ Bxd6 19. exd6 Qxd6 20. c4 bxc4 21. Bxc4 g5 22. Bc3 Nxc3 23. bxc3 Nd8 24. Ne5 Bc8 25. Qh5+ 1-0

[Event "Oberliga NRW 0607"]
[Site "Germany"]
[Date "2006.12.17"]
[Round "4.1"]
[White "Hoffmann, Alexander"]
[Black "Wegerle, Joerg"]
[Result "1/2-1/2"]
[WhiteElo "2414"]
[BlackElo "2411"]
[PlyCount "55"]
[EventDate "2006.09.17"]
[EventType "team-tourn"]
[EventRounds "9"]
[EventCountry "GER"]
[SourceTitle "EXT 2008"]
[Source "ChessBase"]
[SourceDate "2007.11.25"]
[SourceVersion "1"]
[SourceVersionDate "2007.11.25"]
[SourceQuality "1"]
[WhiteTeam "Werther"]
[BlackTeam "Solingen II"]
[WhiteTeamCountry "GER"]
[BlackTeamCountry "GER"]

1. c4 e6 2. Nc3 d5 3. d4 Nf6 4. Bg5 c6 5. e3 Nbd7 6. cxd5 cxd5 7. Bd3 Be7 8. f4 a6 9. Nf3 b5 10. 0-0 Bb7 11. Ne5 Ne4 12. Bxe7 Qxe7 13. a4 b4 14. Na2 Nxe5 15. fxe5 0-0 16. Nc1 a5 17. Bxe4 dxe4 18. Nb3 Bd5 19. Nc5 f5 20. exf6 gxf6 21. Qh5 Qg7 22. Qh4 f5 23. Qg3 Qxg3 24. hxg3 Rf7 25. Kf2 h5 26. Rh1 Rh7 27. Rac1 Raa7 28. Rh4 1/2-1/2

[Event "Oberliga NRW 0607"]
[Site "Germany"]
[Date "2006.11.26"]
[Round "3.2"]
[White "Hoffmann, Alexander"]
[Black "Helbig, Mark"]
[Result "1/2-1/2"]
[WhiteElo "2414"]
[BlackElo "2356"]
[PlyCount "51"]
[EventDate "2006.09.17"]
[EventType "team-tourn"]
[EventRounds "9"]
[EventCountry "GER"]
[SourceTitle "EXT 2008"]
[Source "ChessBase"]
[SourceDate "2007.11.25"]
[SourceVersion "1"]
[SourceVersionDate "2007.11.25"]
[SourceQuality "1"]
[WhiteTeam "Werther"]
[BlackTeam "Koeln SF"]
[WhiteTeamCountry "GER"]
[BlackTeamCountry "GER"]

1. e4 d5 2. exd5 Qxd5 3. Nc3 Qd6 4. d4 a6 5. Bc4 Nf6 6. Bb3 e6 7. Nge2 b5 8. Bf4 Qb6 9. 0-0 Bb7 10. d5 Nbd7 11. Be3 Bc5 12. dxe6 fxe6 13. Nf4 Bxe3 14. Nxe6 Nc5 15. Nxg7+ Kf8 16. Nh5 Bh6 17. Nd5 Bxd5 18. Nxf6 Qxf6 19. Qxd5 Nxb3 20. Qxa8+ Kg7 21. Qb7 Nxa1 22. Qxc7+ Qf7 23. Qe5+ Qf6 24. Qc7+ Qf7 25. Qg3+ Qg6 26. Qe5+ 1/2-1/2

[Event "Werther Schloss op-A 12th"]
[Site "Werther"]
[Date "2006.04.09"]
[Round "6"]
[White "Kupreichik, Viktor D"]
[Black "Hoffmann, Alexander"]
[Result "1-0"]
[WhiteElo "2455"]
[BlackElo "2424"]
[PlyCount "83"]
[EventDate "2006.04.06"]
[EventType "swiss"]
[EventRounds "7"]
[EventCountry "GER"]
[SourceTitle "CBM 111 Extra"]
[Source "ChessBase"]
[SourceDate "2006.05.09"]
[SourceVersion "1"]
[SourceVersionDate "2006.05.09"]
[SourceQuality "1"]

1. e4 e5 2. Nf3 Nc6 3. Bb5 Nf6 4. d3 d6 5. c4 g6 6. Nc3 Bg7 7. d4 exd4 8. Nxd4 Bd7 9. 0-0 0-0 10. Bxc6 bxc6 11. Bg5 Qb8 12. b3 Qb4 13. Nde2 Rfe8 14. Qc2 a5 15. a3 Qb7 16. Rab1 c5 17. f3 Be6 18. h3 Nd7 19. f4 f5 20. Ng3 fxe4 21. Ncxe4 Rf8 22. Be7 Rfe8 23. Bh4 Bf5 24. Rfe1 Bxe4 25. Nxe4 Rf8 26. Bg3 Nf6 27. a4 Nxe4 28. Rxe4 Rae8 29. Rxe8 Rxe8 30. f5 gxf5 31. Qxf5 Re2 32. Bf2 Qc6 33. Re1 Rxe1+ 34. Bxe1 Qe8 35. Kf1 Bd4 36. Qg4+ Kh8 37. Qf3 c6 38. Bxa5 Qa8 39. Qf7 d5 40. Qe7 Kg8 41. Qd8+ Qxd8 42. Bxd8 1-0

[Event "Werther Schloss op-A 12th"]
[Site "Werther"]
[Date "2006.04.06"]
[Round "1"]
[White "Hoffmann, Alexander"]
[Black "Besel, Waldemar"]
[Result "1-0"]
[WhiteElo "2424"]
[BlackElo "2161"]
[PlyCount "69"]
[EventDate "2006.04.06"]
[EventType "swiss"]
[EventRounds "7"]
[EventCountry "GER"]
[SourceTitle "CBM 111 Extra"]
[Source "ChessBase"]
[SourceDate "2006.05.09"]
[SourceVersion "1"]
[SourceVersionDate "2006.05.09"]
[SourceQuality "1"]

1. e4 e6 2. d4 d5 3. Nc3 Nf6 4. e5 Nfd7 5. f4 c5 6. Nf3 Nc6 7. Be3 a6 8. Qd2 b5 9. a3 cxd4 10. Nxd4 Nxd4 11. Bxd4 Bc5 12. Bxc5 Nxc5 13. Qd4 Qb6 14. a4 b4 15. a5 Qc7 16. Qxb4 Rb8 17. Qd4 0-0 18. Be2 Ne4 19. 0-0 f5 20. exf6 Rxf6 21. Nxe4 dxe4 22. Qxe4 Rxb2 23. Bd3 Qc5+ 24. Rf2 Rb4 25. Qe5 Qa7 26. g3 Bb7 27. Qc3 Rd4 28. Rb1 Rd7 29. Rb6 Qa8 30. Qe5 Qe8 31. Re2 Bd5 32. Bxa6 Qe7 33. c4 Ba8 34. Rxe6 Rd1+ 35. Kf2 1-0

[Event "Oberliga NRW 0506"]
[Site "Germany"]
[Date "2006.03.05"]
[Round "7.2"]
[White "Meessen, Rudolf"]
[Black "Hoffmann, Alexander"]
[Result "1-0"]
[WhiteElo "2314"]
[BlackElo "2424"]
[PlyCount "107"]
[EventDate "2005.09.25"]
[EventType "team-tourn"]
[EventRounds "9"]
[EventCountry "GER"]
[SourceTitle "EXT 2007"]
[Source "ChessBase"]
[SourceDate "2006.11.23"]
[SourceVersion "1"]
[SourceVersionDate "2006.11.23"]
[SourceQuality "1"]
[WhiteTeam "Gelsenkirchen Hassel"]
[BlackTeam "Werther"]
[WhiteTeamCountry "GER"]
[BlackTeamCountry "GER"]

1. d4 Nf6 2. c4 e6 3. Nc3 Bb4 4. Nf3 b6 5. Bg5 Bb7 6. Nd2 h6 7. Bh4 d5 8. Qa4+ Nc6 9. cxd5 exd5 10. e3 a6 11. Bd3 Be7 12. 0-0 0-0 13. Rac1 Nb4 14. Bb1 c5 15. a3 cxd4 16. exd4 Nc6 17. Nf3 Ne4 18. Bxe7 Nxe7 19. Rfe1 Rc8 20. Qd1 Nxc3 21. Rxc3 Rxc3 22. bxc3 Re8 23. Ne5 f6 24. Nd3 Nc8 25. Nf4 Rxe1+ 26. Qxe1 Qe7 27. Qe3 Qxe3 28. fxe3 g5 29. Nh5 Kf7 30. Ng3 Nd6 31. Nf5 Ke6 32. Nxh6 Nb5 33. Bf5+ Ke7 34. g3 Nxa3 35. h4 Nc4 36. h5 Nxe3 37. Bd3 Kf8 38. Kf2 Kg7 39. Nf5+ Nxf5 40. Bxf5 a5 41. Ke3 Ba6 42. g4 Bc4 43. Kd2 Bf1 44. Be6 Bg2 45. c4 dxc4 46. d5 Bxd5 47. Bxd5 f5 48. gxf5 b5 49. Bc6 b4 50. Bb5 c3+ 51. Kd3 g4 52. Ba4 g3 53. Ke3 Kf6 54. h6 1-0